| 000 | | | 03759nmc2a22002413x 450 |
| 001 | | | 4ba17c99-63d7-4f8f-a271-ba3ef1d084d0 |
| 005 | | | 20210421121200.0 |
| 100 | ## | $a | 20201027l18591859k l0rusy0189 ca |
| 101 | 0# | $a | rus |
| 102 | ## | $a | RU |
| 105 | ## | $a | y### |
| 122 | 2# | $a | d |
| 200 | 1# | $a | Опись мебели, убранства и других вещей по камер-цалмейстерской части Николаевского дворца |
| | $j | 1859 г. |
| | $h | [Тетрадь 4] |
| 215 | ## | $a | 76 л. |
| | $d | 36,5х26 см |
| 251 | ## | $c | Дело |
| 300 | ## | $a | Дело |
| 371 | ## | $a | Документ не является опубликованным и широко распространяемым |
| 461 | #0 | $1 | 001523d12d2-4a37-4177-a83e-48262505de72 |
| | $1 | 2001 |
| | $a | Контора Двора наследника великого князя Александра Александровича Министерства императорского двора |
| | $1 | 251 |
| | $c | Фонд |
| | $1 | 852 |
| | $j | 1339 |
| 462 | #0 | $1 | 001491caabc-e945-4aff-b3be-bff7dc9805bf |
| | $1 | 2001 |
| | $a | Контора Двора наследника великого князя Александра Александровича Министерства императорского двора |
| | $1 | 251 |
| | $c | Опись |
| | $1 | 852 |
| | $j | 2 |
| 801 | #0 | $a | RU |
| | $b | РГИА |
| | $c | 20201027 |
| | $g | RCR |
| 801 | #1 | $a | RU |
| | $b | ГлавНИВЦ |
| | $c | 20201027 |
| | $2 | rusmarc |
| 801 | #2 | $a | RU |
| | $b | ПБ им. Б.Н. Ельцина |
| | $c | 20210421 |
| | $g | RCR |
| | $2 | rusmarc |
| 850 | ## | $a | РГИА |
| 852 | ## | $a | РГИА |
| | $e | Федеральное казенное учреждение "Российский государственный исторический архив" (РГИА) |
| | $j | 12 |
| 937 | ## | $h | РГИА |
| | $d | 12347632 |
| | $a | ASBIBLIO_SCAN |
| 035 | ## | $a | RusGRCC00010802 |
| 856 | ## | $u | http://readingroom.main.prlib.ru/item.aspx?id_node=n162832837&mode=full |